Người thành công không bao giờ trì hoãn = 15 secrets successful people know about time management : 15 bí quyết quản lý thời gian hiệu quả
Nội dung cuốn sách giới thiệu 15 bí quyết quản lý thời gian hiệu quả giúp bạn xua tan trì hoãn với bí kíp "du hành thời gian", xác định các ưu tiên thực sự của bạn, hạn chế căng thẳng bằng công cụ Richard Branson; tổ chức các cuộc h...
保存先:
| 第一著者: | |
|---|---|
| その他の著者: | |
| フォーマット: | 図書 |
| 言語: | Vietnamese |
| 出版事項: |
H.
Thế giới
2018
|
| 主題: | |
| タグ: |
タグ追加
タグなし, このレコードへの初めてのタグを付けませんか!
|
| Thư viện lưu trữ: | Thư viện Trường Đại học Nam Cần Thơ |
|---|
| LEADER | 01258nam a22002057a 4500 | ||
|---|---|---|---|
| 001 | NCT_87187 | ||
| 008 | 201124b xxu||||| |||| 00| 0 vie d | ||
| 999 | |c 4295 |d 4295 | ||
| 020 | |a 9786047751013 |c 109000 | ||
| 082 | 0 | 4 | |2 23rd ed. |a 640.43 |b K94 |
| 100 | 1 | |a Kruse, Kevin | |
| 245 | 1 | 0 | |a Người thành công không bao giờ trì hoãn = |b 15 secrets successful people know about time management : 15 bí quyết quản lý thời gian hiệu quả |c Kevin Kruse ; Lê Na (Dịch) |
| 260 | |a H. |b Thế giới |c 2018 | ||
| 300 | |a 257 tr. |c 21cm | ||
| 520 | 3 | |a Nội dung cuốn sách giới thiệu 15 bí quyết quản lý thời gian hiệu quả giúp bạn xua tan trì hoãn với bí kíp "du hành thời gian", xác định các ưu tiên thực sự của bạn, hạn chế căng thẳng bằng công cụ Richard Branson; tổ chức các cuộc họp theo kiểu Apple, Google & Virgin;... | |
| 653 | |a Tham khảo | ||
| 700 | 1 | |a Lê Na |e Dịch | |
| 942 | |2 ddc |c BK | ||
| 952 | |0 0 |1 0 |2 ddc |4 0 |6 640_430000000000000_K94 |7 0 |9 20813 |a 000001 |b 000001 |d 2020-11-24 |o 640.43 K94 |p TK.02254 |r 2020-11-24 |v 109000.00 |w 2020-11-24 |y BK | ||
| 980 | |a Thư viện Trường Đại học Nam Cần Thơ | ||


